| 000 | 02543nam0a2200457 4500 | ||
|---|---|---|---|
| 001 | RU\NLR\bibl\887500 | ||
| 005 | 20260405093237.0 | ||
| 021 |
_aRU _b2005-59793 _92934 |
||
| 035 | _a(nilc)RSL-KNO-002710385 | ||
| 035 | _a(NLR Aleph) 000876027 | ||
| 090 |
_a1629249 _c1629249 |
||
| 100 | _a20050915d2004 |||y0rusy50 ca | ||
| 101 | 0 | _arus | |
| 102 | _aRU | ||
| 105 | _aa ||||||||| | ||
| 106 | _ar | ||
| 135 | _acrmn mmmanaba | ||
| 200 | 1 |
_aОбзор формальных подходов к спецификации языков UML и OCL _dReview of formal approaches for the UML and OCL Languages _fС.А. Бражник _zeng |
|
| 210 |
_aНовосибирск _cПрайс-курьер _d2004 _gЗАО РИЦ Прайс-курьер |
||
| 215 |
_a45 с. _cил. _d21 |
||
| 225 | 1 |
_aПрепринт _fРос. акад. наук, Сиб. отд-ние, Ин-т систем информатики им. А.П. Ершова _v121 |
|
| 300 | _aАвт. также на англ. яз.: Sergey A. Brazhnik | ||
| 313 | _aOCL часть язык UML | ||
| 320 | _aБиблиогр.: с. 44-45 (22 назв.) | ||
| 325 | 1 | _aКопия доступна в электронной библиотеке РНБ | |
| 510 | 0 |
_6z55790 _aReview of formal approaches for the UML and OCL Languages _zeng |
|
| 606 | 1 |
_aUML, унифицированный язык моделирования _92158180 _3RU\NLR\auth\661299050 |
|
| 610 | 0 | _aВычислительная техника -- Вычислительные машины электронные аналоговые -- Электронные моделирующие установки -- Программирование -- Языки программирования -- UML и OCL | |
| 686 |
_aЗ973.12-018.19UML и OCL,0 _2rubbk |
||
| 686 | _aЗ973.2-018.1 | ||
| 700 | 1 |
_4070 _8rus _7ca _aБражник _bС. А. _cспециалист в обл. информ. систем _gСергей А. _3RU\NLR\auth\7734196 _917202 |
|
| 790 | 1 |
_4070 _8rus _7ba _aBražnik _bS. A. _gSergej A. _3RU\NLR\auth\7734197 _917203 |
|
| 801 | 0 |
_aRU _bRuMoRKP _c20050915 _grcr |
|
| 801 | 1 |
_aRU _bRuMoRGB _c20050915 |
|
| 801 | 2 |
_aRU _bNLR _c20051213 _grcr |
|
| 901 | _eКнижные издания | ||
| 942 | _cBOOK | ||
| 980 | _aNB | ||
| 981 | 1 | 3 |
_a(13) Документы, защищенные авторским правом _b(13) Современная научная, научно-популярная и популярная л |